<?xml version="1.0" encoding="UTF-8"?>
<collection xmlns="http://www.loc.gov/MARC21/slim">
 <record>
  <leader>00552nam a22001815a 4500</leader>
  <controlfield tag="001">CEM.cems002817</controlfield>
  <controlfield tag="008">130507s1971##################000#0#####d</controlfield>
  <controlfield tag="005">20210825185027.0</controlfield>
  <controlfield tag="003">CEMS</controlfield>
  <datafield tag="245" ind1="1" ind2="0">
   <subfield code="a">Tratado de pedagogía agrícola; el suelo y sus características agronómicas /</subfield>
   <subfield code="c">G. Gaucher</subfield>
  </datafield>
  <datafield tag="260" ind1=" " ind2=" ">
   <subfield code="a">Barcelona :</subfield>
   <subfield code="b">Omega,</subfield>
   <subfield code="c">1971</subfield>
  </datafield>
  <datafield tag="300" ind1=" " ind2=" ">
   <subfield code="a">647 p.</subfield>
  </datafield>
  <datafield tag="100" ind1="1" ind2=" ">
   <subfield code="a">Gaucher, G.</subfield>
  </datafield>
  <datafield tag="082" ind1="0" ind2="4">
   <subfield code="a">631.4</subfield>
  </datafield>
  <datafield tag="653" ind1=" " ind2=" ">
   <subfield code="a">Agricultura</subfield>
  </datafield>
  <datafield tag="653" ind1=" " ind2=" ">
   <subfield code="a">Pedagogia agricola</subfield>
  </datafield>
  <datafield tag="653" ind1=" " ind2=" ">
   <subfield code="a">Suelo-caracteristicas</subfield>
  </datafield>
  <datafield tag="859" ind1=" " ind2=" ">
   <subfield code="a">CEMS</subfield>
   <subfield code="b">BIB. CEMS - Agricultura</subfield>
   <subfield code="h">631.4</subfield>
   <subfield code="i">G231</subfield>
   <subfield code="p">A10963.82</subfield>
   <subfield code="t">Ej.1</subfield>
  </datafield>
 </record>
</collection>
